00317nam a2200121Ia 4500008004100000041000800041082001400049100002100063245002800084260003900112300003300151365001100184240624s9999 xx 000 0 und d aeng a658.8 SUG aSUGARS BRADLEY J aINSTANT REPEAT BUSINESS c2007aNew DelhibTata McGraw- Hill axviii, : 129 : p. : cm. ; 22 cRSb20